| 000 | 00776nam a2200205Ia 4500 | ||
|---|---|---|---|
| 003 | OSt | ||
| 005 | 20250811191559.0 | ||
| 008 | 210423s1997 xx 000 0 und d | ||
| 040 | _cAL | ||
| 041 | _aEnglish | ||
| 082 |
_a320.510954 _bPUTT |
||
| 100 |
_aPaul Puthanangady _9108465 |
||
| 245 |
_aTowards an Indian theology of liberation _b: statement papers and the proceeding of the ninth annual meeting of the indian theological ass on |
||
| 260 |
_aBangalore _bIndian Theological Asson & N B C L C _c1997 |
||
| 365 | _cINR | ||
| 650 |
_aPolitical Ideologies _9108466 |
||
| 650 |
_aPolitical Science _9108467 |
||
| 906 | _aan ; annual ; ass ; indian ; liberation: ; meeting ; ninth ; papers ; proceeding ; statement ; theological ; theology ; Towards | ||
| 942 |
_2ddc _cBK |
||
| 999 |
_c172408 _d172408 |
||